header

American alchemy (Record no. 61083)

MARC details
000 -LEADER
fixed length control field 01832nam a2200421 a 4500
082 04 - DEWEY DECIMAL CLASSIFICATION NUMBER
Classification number 979.4/04
100 1# - MAIN ENTRY--AUTHOR NAME
Personal name Roberts, Brian,
245 10 - TITLE STATEMENT
Title American alchemy
260 ## - PUBLICATION, DISTRIBUTION, ETC. (IMPRINT)
Place of publication Chapel Hill :
Name of publisher University of North Carolina Press,
Year of publication c2000.
300 ## - PHYSICAL DESCRIPTION
Number of Pages xii, 328 p. :
Other physical details ill.
490 1# - SERIES STATEMENT
Series statement Cultural studies of the United States
650 #0 - SUBJECT ADDED ENTRY--TOPICAL TERM
Topical Term Frontier and pioneer life
Topical Term Frontier and pioneer life
Topical Term Pioneers
Topical Term Pioneers
Topical Term Middle class
Topical Term Middle class
856 40 - ELECTRONIC LOCATION AND ACCESS
Uniform Resource Identifier http://site.ebrary.com/lib/rucke/Doc?id=10041253

No items available.

© 2026 Rongo University
Contact us: librarian | system librarian | Rongo university